Economic Terms Quiz Stats

 Plays Quiz not verified by Sporcle

Score 0/15 Timer 04:00
0 Plays Today
Hint Answer % Correct
only one producermonopoly
87.8%
a rise in overall level of pricesinflation
65.3%
a fall in overall level of pricesdeflation
62.2%
demand equals supplyequilibrium
59.2%
goods or services sold to other countriesexport
59.2%
a tax levied on importstariff
57.1%
a period of economic downturnrecession
56.1%
trading goods and services for other goods and servicesbarter
52%
Hint Answer % Correct
an industry with only a small number of producersoligopoly
43.9%
legal document that pays interestbond
39.8%
agreement between several producers in order to increase profitscartel
33.7%
used to purchase goods and servicescash
29.6%
a good or service used to produce another good or serviceinput
14.3%
the value of accumulated savingswealth
12.2%
price at which a seller is willing to sell a goodcost
6.1%

You're not logged in!

Compare scores with friends on all Sporcle quizzes.
Join for Free
OR
Log In

You Might Also Like...

Show Comments

Extras

Top Quizzes Today


Score Distribution

Your Account Isn't Verified!

In order to create a playlist on Sporcle, you need to verify the email address you used during registration. Go to your Sporcle Settings to finish the process.

Report this User

Report this user for behavior that violates our Community Guidelines.

Details: